Enforcement of planning control surveying, valuation and planning investigations (Record no. 88131)

MARC details
000 -LEADER
fixed length control field 00955cam a2200253 4500
001 - CONTROL NUMBER
control field D15355
008 - FIXED-LENGTH DATA ELEMENTS--GENERAL INFORMATION
fixed length control field 090401t1978 xxu||||| |||| 00| 0 eng d
022 ## - INTERNATIONAL STANDARD SERIAL NUMBER
International Standard Serial Number 0141-1462
035 ## - SYSTEM CONTROL NUMBER
System control number (Sirsi) u22136
041 ## - LANGUAGE CODE
Language code of text/sound track or separate title eng
050 ## - LIBRARY OF CONGRESS CALL NUMBER
Classification number 711.026
-- 18
110 ## - MAIN ENTRY--CORPORATE NAME
Corporate name or jurisdiction name as entry element Royal Institution of Chartered Surveyors
Subordinate unit Planning and Development Division
9 (RLIN) 956
245 ## - TITLE STATEMENT
Title Enforcement of planning control surveying, valuation and planning investigations
Remainder of title a guide to practitioners prepared by the Planning and Development Division of RICS, 1978
260 ## - PUBLICATION, DISTRIBUTION, ETC.
Place of publication, distribution, etc. [S.l.]
Name of publisher, distributor, etc. RICS
Date of publication, distribution, etc. 1978
300 ## - PHYSICAL DESCRIPTION
Extent 18p.
Dimensions 30cm
490 ## - SERIES STATEMENT
Series statement RICS Planning and Development Practice Note
Volume/sequential designation 4
520 ## - SUMMARY, ETC.
Summary, etc. Superseded by second edition "Enforcement of planning control" (D15354).
650 ## - SUBJECT ADDED ENTRY--TOPICAL TERM
Topical term or geographic name entry element PLANNING CONTROL
650 ## - SUBJECT ADDED ENTRY--TOPICAL TERM
Topical term or geographic name entry element PLANNING ENFORCEMENT
690 ## - LOCAL SUBJECT ADDED ENTRY--TOPICAL TERM (OCLC, RLIN)
Topical term or geographic name as entry element Planning and development
9 (RLIN) 6259
710 ## - ADDED ENTRY--CORPORATE NAME
Corporate name or jurisdiction name as entry element Royal Institution of Chartered Surveyors
9 (RLIN) 4900
942 ## - ADDED ENTRY ELEMENTS (KOHA)
Suppress in OPAC 0
948 ## - LOCAL PROCESSING INFORMATION (OCLC); SERIES PART DESIGNATOR (RLIN)
c (OCLC) 04/03/1997
Holdings
Withdrawn status Lost status Source of classification or shelving scheme Damaged status Not for loan Home library Current library Shelving location Date acquired Total Checkouts Full call number Barcode Date last seen Copy number Price effective from Koha item type
    Other/Generic Classification Scheme     London London RICS Boxes 14/09/1999   1978/30 30005159 06/08/2019 1 06/08/2019 Reference material
    Other/Generic Classification Scheme     London London RICS Boxes 22/08/1991   1978/30 30026352 06/08/2019 2 06/08/2019 Reference material
    Other/Generic Classification Scheme     London London RICS Boxes 08/08/1991   1978/30 30005160 06/08/2019 3 06/08/2019 Book